000 00248nam a22001097a 4500
008 170113b xxu||||| |||| 00| 0 eng d
020 _a0130325228
041 _aeng
080 _a618.2
245 _aFROM NOVICE TO EXPERT
_cBENNER, P
942 _2udc
_cBK
999 _c2862
_d2862